000 00899cam a2200313 i 4500
001 3161
003 BD-RjUL
005 20211208233703.0
008 131217s1981 nyu 001 0 eng
020 _a0671448250
035 _a(BD-RjUL)3195
040 _aDLC
_cDLC
_dDLC
_dBD-RjUL
_beng
041 _aeng
082 0 0 _a332
_219
_bSMP
100 1 _aSmith, Adam,
_d1930-
_910013
245 1 0 _aPaper money /
_cby Adam Smith.
250 _a1st ed.
260 _aNew York :
_bSummit Books,
_cc1981.
300 _a335 p. :
_bgraphs ;
_c22 cm.
500 _aIncludes index.
504 _aBibliography: p. 319-322 and index
610 2 0 _aOrganization of Petroleum Exporting Countries.
_910021
650 0 _aInflation (Finance)
_910015
650 0 _aInternational finance.
_9461
650 0 _aEconomic history
_y1971-1990.
_910016
942 _2ddc
_cBK
999 _c3161
_d3161